000 00744nam a22002417a 4500
003 DO-SdBNP
005 20221208075656.0
007 ta
008 221102b2017 dr ||||| |||| 00| 0 spa d
020 _a9789945449389
040 _aDO-SdBNP
_bspa
_cBNPHU
082 4 _aRD861.44
_bC957p
_222
100 _9114
_aCruz Pascual, Francisco
245 1 0 _aPancartas /
_cFrancisco Cruz Pascual
260 _aSanto Domingo :
_bGuerrero & Vásquez,
_c2017.
300 _a89 p. ;
_c22 cm.
500 _aIncluye datos biográficos del autor en la solapa de la cubierta
590 _aInventariado, 2022/BT
650 4 _aPoesía dominicana
650 4 _aLiteratura dominicana
910 _aBtavárez/Validado. Control de calidad MFF
942 _2ddc
_cLBS1
999 _c52731
_d52731